000 00515cam a22002051 4500
001 sa 68003936
003 DLC
005 20260227112457.0
008 900110s1967 ii c 000 0 telo
010 _asa 68003936
035 _a(OCoLC)20871018
040 _aDLC
_cWaU
_dDLC
042 _apremarc
050 0 0 _aBL1175.V4
_bA3
100 1 _aVenkateswarlu, Bulusu,
_d1908-
245 1 0 _aSarvaduḥkhanivāraṇōpāyamu.
260 _c[19]67.
300 _a6, iv, 347 p.
_bport.
_c19 cm.
500 _aIn Telugu.
999 _c79858
_d79858